000 00463cam a2200193 4500
001 D13585
008 090401t1914 xxu||||| |||| 00| 0 eng d
035 _a(Sirsi) u10552
041 _aeng
100 _aParry, Richard
245 4 _aThe law of easements: an elementary treatise
250 _a2nd
260 _aLondon
_bEstates Gazette
_c1914
350 _a0
520 _aShelf 133
700 _aHowes, Arthur Burnaby
942 _n0
948 _c04/03/1997
999 _c86757
_d86757